000
00234nam a2200097Ia 4500
008
230915s9999 xx 000 0 und d
050
_a
KSK 2461 .L 86 2006
100
_a
Lumumba,PLO
245
0
_a
Judicial Review in Kenya
942
_c
BK
999
_c
166214
_d
166214